000 00381pab a2200157 454500
008 180718b1997 xxu||||| |||| 00| 0 eng d
100 _aNeelamegam, R.
245 _aEntry of multinational corporations
260 _c1997
300 _ap.49-50
362 _aJun
650 _aTransnational corporations
700 _aGovindaraj, M.
773 _aThird Concept
909 _a34024
999 _c34024
_d34024